Sejarah dan punca kewujudan H1N1 di dunia : (Record no. 142193)

MARC details
000 -LEADER
fixed length control field 01184nam a2200349 i 4500
001 - CONTROL NUMBER
control field vtls000691242
003 - CONTROL NUMBER IDENTIFIER
control field PNM
005 - DATE AND TIME OF LATEST TRANSACTION
control field 20180728150236.0
008 - FIXED-LENGTH DATA ELEMENTS--GENERAL INFORMATION
fixed length control field 120927t20102010my a j | 000 0 may
015 ## - NATIONAL BIBLIOGRAPHY NUMBER
National bibliography number M13-02259
020 ## - INTERNATIONAL STANDARD BOOK NUMBER
International Standard Book Number 9789675380426
Qualifying information hardback
039 #9 - LEVEL OF BIBLIOGRAPHIC CONTROL AND CODING DETAIL [OBSOLETE]
Level of rules in bibliographic description 201703270828
Level of effort used to assign nonsubject heading access points dayang
Level of effort used to assign subject headings 201605261517
Level of effort used to assign classification azeantie
Level of effort used to assign subject headings 201307121408
Level of effort used to assign classification irfah
Level of effort used to assign subject headings 201303221707
Level of effort used to assign classification habirah
040 ## - CATALOGING SOURCE
Original cataloging agency BNM
Language of cataloging eng
Transcribing agency BNM
Modifying agency PNM
-- PPAK
Description conventions rda
049 ## - LOCAL HOLDINGS (OCLC)
Holding library klpmal
082 04 - DEWEY DECIMAL CLASSIFICATION NUMBER
Classification number 616.203
Edition number 23
090 00 - LOCALLY ASSIGNED LC-TYPE CALL NUMBER (OCLC); LOCAL CALL NUMBER (RLIN)
Classification number (OCLC) (R) ; Classification number, CALL (RLIN) (NR) 616.203
Feature heading AYU
Feature heading G
100 0# - MAIN ENTRY--PERSONAL NAME
Personal name Ayuni Rezwan,
Relator term author.
245 10 - TITLE STATEMENT
Title Sejarah dan punca kewujudan H1N1 di dunia :
Number of part/section of a work Jilid 1 /
Statement of responsibility, etc. Ayuni Rezwan
264 #1 - PRODUCTION, PUBLICATION, DISTRIBUTION, MANUFACTURE, AND COPYRIGHT NOTICE
Place of production, publication, distribution, manufacture Seri Kembangan, Selangor :
Name of producer, publisher, distributor, manufacturer Penerbitan Premier,
Date of production, publication, distribution, manufacture, or copyright notice 2010
Date of production, publication, distribution, manufacture, or copyright notice © 2010
300 ## - PHYSICAL DESCRIPTION
Extent ii, 44 pages :
Other physical details colour illustrations ;
Dimensions 30 cm. +
Accompanying material 1 computer optical disc (4 3/4 in.)
336 ## - CONTENT TYPE
Content type term text
Source rdacontent
337 ## - MEDIA TYPE
Media type term unmediated
Source rdamedia
338 ## - CARRIER TYPE
Carrier type term volume
Source rdacarrier
490 1# - SERIES STATEMENT
Series statement SIRI H1N1 DAN CHIKUNGUNYA
500 ## - GENERAL NOTE
General note Jilid 1
504 ## - BIBLIOGRAPHY, ETC. NOTE
Bibliography, etc. note Includes bibliographical references : pages 44.
650 10 - SUBJECT ADDED ENTRY--TOPICAL TERM
Topical term or geographic name entry element H1N1 influenza
General subdivision History
Topical term or geographic name entry element Influenza A virus
General subdivision History
830 #0 - SERIES ADDED ENTRY--UNIFORM TITLE
Uniform title Siri H1N1 dan Chikungunya
942 ## - ADDED ENTRY ELEMENTS (KOHA)
Source of classification or shelving scheme Dewey Decimal Classification
Koha item type Book
Holdings
Withdrawn Not for loan Current library Shelving location Date acquired Full call number Barcode Date last seen Koha item type
    Perpustakaan Alor Setar Pinjaman Dewasa 08/05/2018 616.203 AYU A00736805 08/05/2018 Book